Instrumentation Fundamentals For Process Control (Record no. 303009)

MARC details
000 -LEADER
fixed length control field 00451nam a2200169Ia 4500
008 - FIXED-LENGTH DATA ELEMENTS--GENERAL INFORMATION
fixed length control field 230718s9999 xx 000 0 und d
041 ## - LANGUAGE CODE
Language code of text/sound track or separate title eng
082 ## - DEWEY DECIMAL CLASSIFICATION NUMBER
Classification number 670.477
Item number DES
100 ## - MAIN ENTRY--PERSONAL NAME
Personal name Desa
9 (RLIN) 147705
245 ## - TITLE STATEMENT
Title Instrumentation Fundamentals For Process Control
260 ## - PUBLICATION, DISTRIBUTION, ETC. (IMPRINT)
Name of publisher, distributor, etc. Taylor And Francis
300 ## - PHYSICAL DESCRIPTION
Accompanying material [OBSOLETE, CAN/MARC] Ref 266 I (14216)
365 ## - TRADE PRICE
Currency code Rs.
Price amount 6281.50
500 ## - GENERAL NOTE
Keywords 266 I
700 ## - ADDED ENTRY--PERSONAL NAME
Personal name Desa
9 (RLIN) 147705
906 ## - LOCAL DATA ELEMENT F, LDF (RLIN)
d B:80405-Feb-2002
c INST
b 942.225
Holdings
Withdrawn status Lost status Source of classification or shelving scheme Reference No Damaged status Not for loan Home library Current library Date acquired Vendor Budget Code Cost, normal purchase price Bill number Full call number Barcode Date last seen Discount Cost, replacement price Bill Date Koha item type Original Barcode
    Dewey Decimal Classification Ref 266 I (14216)   Reference Cummins College of Engineering for Women Pune Cummins College of Engineering for Women Pune 22/02/2002 SNJA INST 5339.28 804 670.477 CCEP-BK-14216 18/07/2023 942.225 6281.50 05/02/2002 Books 014216